000 01376nam0a2200325 4500
001 RU\NLR\bibl\1839706
005 20260405181249.0
010 _a978-5-73301-0666-3
_9200
021 _aRU
_b2011-87244
_96228
035 _a(NLR Aleph) 001830173
090 _a2127357
_c2127357
100 _a20111128d2011 |||y0rusy50 ca
101 1 _arus
_cbul
102 _aRU
105 _ay |||||||||
200 1 _aДуша возвысилась - готовится к полету
_eлирика
_fСтанислав Пенев
_gпер. с болг. Всеволода Кузнецова
210 _aМосква
_cМосковский Парнас
_d2011
215 _a52, [2] с.
_d17
320 _aДр. кн. авт. в аннот.
327 1 _aСодерж.: циклы: Перед горизонтом; Чернозема светлые черты; Совершенство духа
686 _aШ6(4Бл)77-5я44{Лх1119-175}
700 1 _4070
_7ca
_8rus
_aПенев
_bС. П.
_f1953-
_gСтанислав Пенчев
_9241925
_3RU\NLR\AUTH\770241981
702 1 _4730
_7ca
_8rus
_aКузнецов
_bВ. М.
_cпоэт, переводчик
_f1938-
_gВсеволод Михайлович
_961075
_3RU\NLR\auth\7778147
801 0 _aRU
_bNLR
_c20111128
_gRCR
801 1 _aRU
_bNLR
_c20111128
830 _aпо кн
942 _cBOOK
980 _aNB
980 _aNBR